Statistics for Horror Movies Countdown

Click here to take the quiz!

General Stats

  • This quiz has been taken 3,154 times
    (3,150 since last reset)
  • The average score is 120 of 500

Answer Stats

Horror Movie% Correct
V/H/S
98%
V/H/S/2
98%
Halloween
85%
Friday the 13th
81%
Scream
81%
A Nightmare on Elm Street
80%
It
77%
Saw
74%
Child's Play
71%
Alien
69%
Scream 2
69%
Scream 3
69%
The Shining
69%
Halloween II
68%
The Conjuring
68%
The Ring
68%
Psycho
67%
Scream 4
67%
The Exorcist
67%
The Texas Chain Saw Massacre
67%
Jaws
66%
Saw II
66%
Halloween III: Season of the Witch
65%
Saw III
65%
Saw IV
65%
Saw V
65%
Jigsaw
63%
Saw VI
63%
Saw 3D
61%
Annabelle
60%
Carrie
60%
Bram Stoker's Dracula
57%
Dracula
57%
Hellraiser
57%
The Conjuring 2
57%
Dawn of the Dead
56%
Frankenstein
55%
The Thing
55%
Freddy vs. Jason
54%
Night of the Living Dead
54%
Jaws 2
53%
Aliens
52%
Insidious
52%
The Blair Witch Project
52%
The Evil Dead
52%
Poltergeist
51%
A Nightmare on Elm Street 3: Dream Warriors
50%
Child's Play 2
50%
Child's Play 3
49%
Evil Dead (2013)
49%
Bride of Chucky
48%
Predator
48%
The Predator
48%
A Nightmare on Elm Street Part 2: Freddy's Revenge
47%
Candyman
47%
The Grudge
47%
The Nun
47%
The Omen
47%
Final Destination
46%
Get Out
46%
Paranormal Activity
46%
The Final Destination
46%
Alien 3
45%
A Nightmare on Elm Street 4: The Dream Master
45%
Cujo
45%
Evil Dead II
44%
Halloween 5
44%
Misery
44%
Friday the 13th Part 2
43%
Hellbound: Hellraiser II
43%
Insidious: Chapter 2
43%
The Texas Chainsaw Massacre 2
43%
Army of Darkness
42%
Blair Witch
42%
Final Destination 2
42%
Final Destination 3
42%
Hellraiser III: Hell on Earth
42%
Silence of the Lambs
42%
The Host
42%
Friday the 13th Part 3
41%
Halloween H20: 20 Years Later
41%
Seed of Chucky
41%
Friday the 13th: The Final Chapter
40%
Insidious: Chapter 3
40%
Jason X
40%
[Rec]
40%
The Hills Have Eyes
39%
A Nightmare on Elm Street: The Dream Child
38%
AVP: Alien vs. Predator
38%
It Follows
38%
Paranormal Activity 2
38%
Predator 2
38%
Exorcist II: The Heretic
37%
Friday the 13th Part VIII: Jason Takes Manhattan
37%
Leatherface: Texas Chainsaw Massacre III
37%
Sinister
37%
The Birds
37%
The Fly
37%
Day of the Dead
36%
Freddy's Dead: The Final Nightmare
36%
Hostel
36%
Paranormal Activity 3
36%
Rosemary's Baby
36%
The Cabin in the Woods
36%
Wrong Turn
36%
28 Days Later
35%
Jason Lives: Friday the 13th Part VI
35%
Jeepers Creepers
35%
Nosferatu
35%
Pet Sematary
35%
Psycho II
35%
The Mummy
35%
The Purge
35%
Black Christmas
34%
Children of the Corn
34%
Hereditary
34%
Paranormal Activity 4
34%
Shaun of the Dead
34%
The Amityville Horror
34%
The Babadook
34%
Final Destination 5
33%
Scary Movie
33%
The Witch
33%
A Quiet Place
32%
Creep
32%
Cult of Chucky
32%
Friday the 13th Part VII: The New Blood
32%
New Nightmare
32%
[Rec]2
32%
Suspiria
32%
The Invisible Man
32%
The Mist
32%
Zombieland
32%
Bride of Frankenstein
31%
Gremlins
31%
I Know What You Did Last Summer
31%
The Grudge 2
31%
Wrong Turn 2
31%
Curse of Chucky
30%
Hostel: Part II
30%
Jason Goes to Hell: The Final Friday
30%
Predators
30%
Psycho III
30%
The Sixth Sense
30%
Wrong Turn 3: Left for Dead
30%
Alien: Resurrection
29%
Annabelle: Creation
29%
Jaws 3-D
29%
My Bloody Valentine
29%
Orphan
29%
Scary Movie 2
29%
Scary Movie 3
29%
Scary Movie 4
29%
The Blob
29%
The Descent
29%
The Wolf Man
29%
Wrong Turn 4: Bloody Beginnings
29%
Hostel: part III
28%
House of Wax
28%
Jeepers Creepers II
28%
Prometheus
28%
[Rec]3: Genesis
28%
Scary Movie 5
28%
Sinister 2
28%
Sleepaway Camp
28%
Wrong Turn 5: Bloodlines
28%
An American Werewolf in London
27%
Book of Shadows: Blair Witch 2
27%
[Rec]4: Apocalypse
27%
The Haunting
27%
28 Weeks Later
26%
Damien: Omen II
26%
The Exorcist III
26%
The Grudge 3
26%
Alien: Covenant
25%
Rings
25%
Anaconda
24%
Dead Silence
24%
Friday the 13th: A New Beginning
24%
Gremlins 2: The New Batch
24%
Halloween 4: The Return of Michael Myers
24%
Jaws: The Revenge
24%
Jeepers Creepers 3
24%
Silent Hill
24%
Tremors
24%
Krampus
23%
Mama
23%
Ouija
23%
Prom Night
23%
Sleepaway Camp II: Unhappy Campers
23%
The Last House on the Left
23%
Cabin Fever
22%
Creature from the Black Lagoon
22%
Creepshow
22%
Halloween: The Curse of Michael Myers
22%
House of 1000 Corpses
22%
I Still Know What You Did Last Summer
22%
Mother!
22%
Piranha
22%
Sleepaway Camp III: Teenage Wasteland
22%
The Devil's Rejects
22%
The Purge: Anarchy
22%
The Purge: Election Year
22%
The Wicker Man
22%
Trick 'r Treat
22%
You're Next
22%
Children of the Corn III: Urban Harvest
21%
Children of the Corn II: The Final Sacrifice
21%
Creep 2
21%
Don't Breathe
21%
Drag Me to Hell
21%
Fright Night
21%
Halloween (2018)
21%
Pet Sematary II
21%
Re-Animator
21%
The Howling
21%
Tremors II: Aftershocks
21%
Critters
20%
Freaks
20%
Martyrs
20%
Sleepaway Camp IV: The Survivor
20%
Slender Man
20%
The Exorcism of Emily Rose
20%
The Eye
20%
The Meg
20%
The Orphanage
20%
The Others
20%
Tremors 3: Back to Perfection
20%
Urban Legend
20%
Creepshow 2
19%
Happy Death Day
19%
Hatchet
19%
Invasion of the Body Snatchers
19%
King Kong
19%
Piranha Part Two: The Spawning
19%
Puppetmaster
19%
The First Purge
19%
The Fly II
19%
Tremors 4: The Legend Begins
19%
Tremors 5: Bloodlines
19%
World War Z
19%
1408
18%
A Nightmare on Elm Street (2010)
18%
Critters 2
18%
Cube
18%
Friday the 13th (2009)
18%
Hello Mary Lou: Prom Night II
18%
Insidious: The Last Key
18%
Land of the Dead
18%
Split
18%
The Dead Zone
18%
The Village
18%
The Visit
18%
Cabin Fever 2: Spring Fever
17%
Carrie (2013)
17%
Cloverfield
17%
Critters 3
17%
Critters 4
17%
Hatchet II
17%
Hatchet III
17%
Jennifer's Body
17%
Lake Placid
17%
Oculus
17%
Pan's Labyrinth
17%
Piranha 3D
17%
Prom Night III: The Last Kiss
17%
Prom Night IV: Deliver Us from Evil
17%
Puppet Master II
17%
The Human Centipede (First Sequence)
17%
The Phantom of the Opera
17%
The Thing (2011)
17%
When a Stranger Calls
17%
Creepshow 3
16%
Diary of the Dead
16%
Don't Look Now
16%
Firestarter
16%
Fright Night 2
16%
Hellraiser: Bloodline
16%
House on Haunted Hill
16%
Inferno
16%
Jacob's Ladder
16%
Let the Right One In
16%
Life
16%
Puppet Master 4
16%
Puppet Master 5
16%
Puppet Master III: Toulon's Revenge
16%
Quarantine
16%
Scanners
16%
Silver Bullet
16%
The Rage: Carrie 2
16%
The Ring Two
16%
Train to Busan
16%
Videodrome
16%
13 Ghosts
15%
An American Werewolf in Paris
15%
Black Christmas (2006)
15%
Cabin Fever 3: Patient Zero
15%
Children of the Corn V: Fields of Terror
15%
Dawn of the Dead (2004)
15%
Killer Klowns from Outer Space
15%
Let Me In
15%
The Human Centipede II (Full Sequence)
15%
Alligator
14%
Dreamcatcher
14%
Grave Encounters
14%
Hellraiser: Deader
14%
Hellraiser: Hellworld
14%
Hellraiser: Inferno
14%
Lights Out
14%
Maximum Overdrive
14%
Mirrors
14%
Paranormal Activity: The Marked Ones
14%
Poltergeist (2015)
14%
Prom Night (2008)
14%
Shutter
14%
Son of Frankenstein
14%
The Bay
14%
The Boogey Man
14%
The Human Centipede III (Final Sequence)
14%
The Texas Chainsaw Massacre: The Beginning
14%
The Woman in Black
14%
Truth or Dare
14%
Valentine
14%
Arachnophobia
13%
A Serbian Film
13%
Bait
13%
Cronos
13%
Dark Water
13%
Freakshow
13%
Ginger Snaps
13%
Gothika
13%
Hellraiser: Hellseeker
13%
Jessabelle
13%
Mother of Tears
13%
Night of the Living Dead (1990)
13%
Piranha (1995)
13%
Quarantine 2: Terminal
13%
Raw
13%
Salo, or the 120 Days of Sodom
13%
Silent Hill: Revelation
13%
Son of Dracula
13%
The Blob (1988)
13%
The Cabinet of Dr. Caligari
13%
The Crazies
13%
The Taking
13%
The Texas Chainsaw Massacre (2003)
13%
The Unborn
13%
Amityville II: The Possession
12%
Audition
12%
Cube 2: Hypercube
12%
Event Horizon
12%
Fright Night (2011)
12%
Fright Night Part 2
12%
House of Frankenstein
12%
House of Wax (2005)
12%
I'll Always Know What You Did Last Summer
12%
My Bloody Valentine (2009)
12%
Near Dark
12%
Night of the Living Dead (2014)
12%
Nosferatu the Vampyre
12%
One Missed Call
12%
Paranormal Activity: The Ghost Dimension
12%
Phantom of the Opera
12%
Riding the Bullet
12%
Survival of the Dead
12%
The Fly (1986)
12%
The Ghost of Frankenstein
12%
The Hills Have Eyes (2006)
12%
The Loved Ones
12%
They Live
12%
Urban Legends: Bloody Mary
12%
Urban Legends: Final Cut
12%
Veronica
12%
10 Cloverfield Lane
11%
30 Days of Night
11%
As Above, So Below
11%
Cat's Eye
11%
Constantine
11%
Gerald's Game
11%
Julia's Eyes
11%
Ouija: Origin of Evil
11%
Slither
11%
Sorority Row
11%
The Amityville Horror (2005)
11%
The Final Conflict
11%
The Mummy's Hand
11%
The Omen (2006)
11%
Thinner
11%
Tourist Trap
11%
Tusk
11%
47 Meters Down
10%
A Return to Salem's Lot
10%
A Tale of Two Sisters
10%
Cell
10%
Children of the Corn: The Gathering
10%
Eraserhead
10%
From Dusk Till Dawn
10%
House of Dracula
10%
I Am Legend
10%
Little Shop of Horrors
10%
Revenge of the Creature
10%
Shark Night 3D
10%
Splinter
10%
The Amityville Curse
10%
The Craft
10%
The Curse of Frankenstein
10%
The Green Inferno
10%
The Invisible Man Returns
10%
The Invitation
10%
The Love Witch
10%
The Rite
10%
Tucker and Dale vs. Evil
10%
1922
9%
Goodnight Mommy
9%
Interview with the Vampire: The Vampire Chronicles
9%
It Comes at Night
9%
Peeping Tom
9%
Smiley
9%
The Autopsy of Jane Doe
9%
The Bye Bye Man
9%
The Creature Walks Among Us
9%
The Happening
9%
The Haunting (1999)
9%
The Horror of Frankenstein
9%
The Invisible Woman
9%
The Last House on the Left (2009)
9%
The Lords of Salem
9%
The Return of the Texas Chainsaw Massacre
9%
The Wicker Man (2006)
9%
When a Stranger Calls (2006)
9%
Eyes Without a Face
8%
Frankenstein Meets the Wolf Man
8%
Green Room
8%
Repulsion
8%
Return of the Boogeyman
8%
Revenge of the Boogeyman
8%
Splice
8%
The Crazies (2010)
8%
The Funhouse
8%
The Innocents
8%
The Invisible Man's Revenge
8%
The Phantom of the Opera (1962)
8%
Thir13en Ghosts
8%
Wish Upon
8%
A Girl Walks Home Alone at Night
7%
Antichrist
7%
Don't Be Afraid of the Dark
7%
Dracula's Daughter
7%
Gone
7%
Needful Things
7%
Planet Terror
7%
Room 237
7%
The Dark Half
7%
The Faculty
7%
The House of the Devil
7%
The Mangler
7%
The Prowler
7%
Anacondas: The Hunt for the Blood Orchid
6%
Dead Ringers
6%
Faceless
6%
Flatliners
6%
Grindhouse
6%
Mystery of the Wax Museum
6%
Pandorum
6%
Return to House on Haunted Hill
6%
Sleepwalkers
6%
The Cabinet of Dr. Caligari (2005)
6%
The Devil's Candy
6%
The Final Girls
6%
The Hills Have Eyes II
6%
The Skeleton Key
6%
The Wicker Tree
6%
Under the Skin
6%
We Are Still Here
6%
A Christmas Horror Story
5%
Afflicted
5%
Bone Tomahawk
5%
Disturbia
5%
Don't Hang Up
5%
Graveyard Shift
5%
Henry: Portrait of a Serial Killer
5%
Last Shift
5%
She Freak
5%
Sleep Tight
5%
The Night Flier
5%
The Vatican Tapes
5%
Voices
5%
A Field in England
4%
Altered States
4%
Backcountry
4%
Chernobyl Diaries
4%
Chronicle
4%
Don't Knock Twice
4%
Flatliners (2017)
4%
Incarnate
4%
Scouts Guide to the Zombie Apocalypse
4%
Spring
4%
Tales from the Darkside: The Movie
4%
The Nightcomers
4%
Trance
4%

Score Distribution

Percentile by Number Answered

Percent of People with Each Score

Your Score History

You have not taken this quiz since the last reset